[Event "17. Šahovski festival "]
[Site "Senta"]
[Date "2013.07.19"]
[Round "8.13"]
[White "Suc, Timothy"]
[Black "Vranic, Ljubomir"]
[Result "1-0"]
[WhiteElo "2137"]
[BlackElo "2225"]
[PlyCount "113"]
[EventDate "2013.07.13"]

1. d4 d6 2. Nf3 Nd7 3. e4 e5 4. Bc4 Nb6 5. Bb3 exd4 6. Bg5 f6 7. Bf4 Qe7 8. O-O
g5 9. Bg3 h5 10. e5 Kd8 11. exd6 cxd6 12. Re1 Qc7 13. Qxd4 Qc5 14. Qxc5 dxc5
15. Na3 a6 16. Rad1+ Bd7 17. Nc4 Nxc4 18. Bxc4 b5 19. Bd5 Ra7 20. Bb8 Rc7 21.
Bxc7+ Kxc7 22. c4 Ne7 23. Be6 Bc6 24. Bd5 Nxd5 25. cxd5 Bd7 26. Nd2 f5 27. Nf3
g4 28. Ne5 Bd6 29. Nf7 Rf8 30. Ng5 c4 31. Ne6+ Bxe6 32. Rxe6 f4 33. Kf1 Rf5 34.
f3 Rg5 35. Rh6 a5 36. Rh7+ Kb6 37. Rd7 Kc5 38. Ra7 a4 39. Rd2 Rxd5 40. Rxd5+
Kxd5 41. Rh7 gxf3 42. gxf3 b4 43. Ke2 b3 44. axb3 axb3 45. Rxh5+ Kd4 46. Rb5
Be7 47. Kd2 Bf6 48. Rf5 Be5 49. h4 Bg7 50. Rxf4+ Kd5 51. Rf5+ Kd6 52. Kc1 c3
53. bxc3 Bxc3 54. Rb5 Bf6 55. Rb6+ Ke7 56. Rxf6 Kxf6 57. f4 1-0

[Event "17. Šahovski festival "]
[Site "Senta"]
[Date "2013.07.19"]
[Round "8.15"]
[White "Agoston, Aron"]
[Black "Kovacs, Arthur"]
[Result "1/2-1/2"]
[WhiteElo "2162"]
[BlackElo "1995"]
[PlyCount "298"]
[EventDate "2013.07.13"]

1. e4 e5 2. Nf3 Nc6 3. d4 exd4 4. Nxd4 Nf6 5. Nc3 Bb4 6. Nxc6 bxc6 7. Bd3 d5 8.
exd5 cxd5 9. O-O O-O 10. Bg5 c6 11. Qf3 Bd6 12. h3 Rb8 13. Nd1 h6 14. Bf4 Bxf4
15. Qxf4 Rb7 16. b3 c5 17. Ne3 Re8 18. Rfd1 Rbe7 19. Bb5 Re4 20. Qf3 Bd7 21.
Bxd7 Qxd7 22. Nxd5 Nxd5 23. c4 Rd4 24. cxd5 Re5 25. Rxd4 cxd4 26. Qg4 Qxd5 27.
Rd1 d3 28. Qc8+ Kh7 29. Qc3 Qe4 30. Qxd3 Qxd3 31. Rxd3 Re1+ 32. Kh2 Re2 33. Rd7
Rxa2 34. Rxf7 Rb2 35. Rf3 a5 36. Kg3 Kg6 37. Kf4 a4 38. bxa4 Rb4+ 39. Kg3 Rxa4
40. Rf8 Rb4 41. h4 h5 42. Rf4 Rb3+ 43. Rf3 Rb4 44. Rc3 Rb6 45. Rc5 Rb3+ 46. f3
Rb6 47. Rc4 Ra6 48. Kf4 Rb6 49. Rd4 Kf6 50. g4 hxg4 51. fxg4 g6 52. g5+ Kf7 53.
Rd7+ Ke8 54. Rc7 Kf8 55. Ke5 Rb5+ 56. Kd6 Rb4 57. Ke6 Rb6+ 58. Kd5 Rb4 59. Rc4
Rb5+ 60. Kd6 Ra5 61. Rc6 Kf7 62. Rc7+ Kf8 63. Rd7 Ra6+ 64. Ke5 Ra5+ 65. Ke6 Ra4
66. Rd6 Kg7 67. Rd7+ Kf8 68. Ke5 Rb4 69. Rd4 Rb5+ 70. Rd5 Rb4 71. Ke6 Kg7 72.
Rd7+ Kf8 73. Rf7+ Kg8 74. Re7 Kf8 75. Rd7 Ra4 76. Kf6 Ra6+ 77. Ke5 Ra4 78. Rd6
Kg7 79. Rd7+ Kf8 80. Rd4 Ra5+ 81. Kf6 Ra6+ 82. Ke5 Ra5+ 83. Ke6 Kg7 84. Rd7+
Kf8 85. Rf7+ Kg8 86. Re7 Rf5 87. Rd7 Kf8 88. Rd5 Rf4 89. Rd6 Kg7 90. Rd7+ Kf8
91. Rc7 Ra4 92. Rf7+ Kg8 93. Rd7 Kf8 94. Ke5 Ra5+ 95. Rd5 Ra4 96. Rd4 Ra5+ 97.
Ke6 Kg7 98. Rd7+ Kf8 99. Rf7+ Kg8 100. Re7 Rf5 101. Rd7 Kf8 102. h5 Rxg5 103.
Kf6 Rf5+ 104. Kxg6 Rf1 105. Rd8+ Ke7 106. Rb8 Rg1+ 107. Kh7 Kf7 108. Rb4 Rg2
109. Rf4+ Ke7 110. Kh6 Rg1 111. Kh7 Rg2 112. h6 Rg1 113. Ra4 Kf7 114. Ra7+ Kf8
115. Rg7 Rh1 116. Kg6 Rg1+ 117. Kh7 Rh1 118. Rg5 Kf7 119. Rf5+ Ke7 120. Rg5 Kf7
121. Rf5+ Ke7 122. Kg7 Rg1+ 123. Kh8 Rg2 124. Ra5 Kf7 125. Ra7+ Kf8 126. Rg7
Rh2 127. Rg6 Kf7 128. Rg7+ Kf8 129. h7 Rh1 130. Rg4 Kf7 131. Rf4+ Kg6 132. Rg4+
Kf7 133. Rg3 Rh2 134. Rf3+ Ke7 135. Rf4 Rg2 136. Ra4 Kf7 137. Ra7+ Kf8 138.
Ra8+ Kf7 139. Rg8 Rh2 140. Rg4 Rh1 141. Rg3 Rh2 142. Rf3+ Ke7 143. Kg7 Rg2+
144. Kh6 Rh2+ 145. Kg6 Rg2+ 146. Kf5 Rh2 147. Ra3 Kf8 148. Ra7 Rf2+ 149. Kg4
Rh2 1/2-1/2

[Event "17. Šahovski festival "]
[Site "Senta"]
[Date "2013.07.19"]
[Round "8.16"]
[White "Korponai, Akos"]
[Black "Pregarac, Valter"]
[Result "1/2-1/2"]
[WhiteElo "1786"]
[BlackElo "2136"]
[PlyCount "80"]
[EventDate "2013.07.13"]

1. d4 Nf6 2. Nf3 e6 3. g3 b5 4. Bg2 Bb7 5. O-O d5 6. a4 b4 7. c4 c5 8. dxc5
Bxc5 9. Nbd2 a5 10. Nb3 Bb6 11. cxd5 Bxd5 12. Ne5 Ne4 13. Qc2 f5 14. Nd2 Qc7
15. Qxc7 Bxc7 16. Nd3 Nd7 17. Nxe4 fxe4 18. Nf4 Be5 19. Rb1 Nc5 20. Nxd5 exd5
21. f3 O-O 22. b3 Bd4+ 23. Kh1 Bc3 24. Bf4 Rfe8 25. Bd6 Nb7 26. Bf4 e3 27. Bh3
Nc5 28. Bd6 Nb7 29. Bf4 Bd2 30. Bd7 Re7 31. Bc6 d4 32. Bd6 Nxd6 33. Bxa8 d3 34.
exd3 e2 35. Rfe1 Nf5 36. Kg2 Nd4 37. Kf2 Be3+ 38. Kg2 Bd2 39. Kf2 Be3+ 40. Kg2
Bd2 1/2-1/2

[Event "17. Šahovski festival "]
[Site "Senta"]
[Date "2013.07.19"]
[Round "8.18"]
[White "Savic, Dragan"]
[Black "Sakic, Lorand"]
[Result "1-0"]
[WhiteElo "2106"]
[BlackElo "1971"]
[PlyCount "99"]
[EventDate "2013.07.13"]

1. e4 e5 2. Nf3 Nf6 3. Nxe5 d6 4. Nf3 Nxe4 5. Nc3 Nf6 6. d4 Be7 7. Bd3 O-O 8.
O-O Bg4 9. h3 Bh5 10. Bf4 Nbd7 11. Re1 Re8 12. g4 Bg6 13. Bxg6 hxg6 14. Qd2 c6
15. b3 d5 16. g5 Nh5 17. Bh2 Qa5 18. Qd3 Bb4 19. Rxe8+ Rxe8 20. Nd1 Re6 21. c3
Bd6 22. Bxd6 Rxd6 23. Qd2 Re6 24. Nb2 Qd8 25. Nd3 Qe7 26. Re1 f6 27. h4 Kf7 28.
c4 Re4 29. cxd5 cxd5 30. Kf1 Qe6 31. Ng1 Qa6 32. Nf3 Nf4 33. Rd1 Ne6 34. Qb2
Nf4 35. Qd2 Nxd3 36. Qxd3 Qxa2 37. Re1 Rxe1+ 38. Nxe1 Qa5 39. Nc2 b5 40. h5
gxh5 41. g6+ Ke7 42. Ne3 Kd6 43. Nf5+ Kc6 44. Nxg7 Qa1+ 45. Kg2 Qe1 46. Nf5 Qe8
47. g7 Kb6 48. Qg3 Qe4+ 49. Kh2 h4 50. Nxh4 1-0

[Event "17. Šahovski festival "]
[Site "Senta"]
[Date "2013.07.20"]
[Round "9.5"]
[White "Balog, Imre"]
[Black "Radusinovic, Lazar"]
[Result "1/2-1/2"]
[WhiteElo "2547"]
[BlackElo "2310"]
[PlyCount "158"]
[EventDate "2013.07.13"]

1. d4 d5 2. c4 c6 3. Nf3 Nf6 4. e3 e6 5. Bd3 Bd6 6. O-O Nbd7 7. Nc3 O-O 8. e4
dxe4 9. Nxe4 Nxe4 10. Bxe4 h6 11. Bc2 e5 12. c5 Bc7 13. Re1 exd4 14. Qd3 Nf6
15. Bb3 Kh8 16. h3 b6 17. Qxd4 Qxd4 18. Nxd4 Bd7 19. Be3 Ne4 20. cxb6 Bxb6 21.
Rac1 Rac8 22. Nf3 f5 23. Ne5 Be8 24. Bd5 Rb8 25. Bxe4 fxe4 26. Bxb6 Rxb6 27. b3
Ra6 28. Rc2 Rf6 29. Rd2 Kh7 30. Rxe4 Re6 31. f4 Ra5 32. Kf2 g5 33. g3 h5 34.
Rb4 h4 35. Rb7+ Kg8 36. Ng4 Rf5 37. gxh4 gxh4 38. Rxa7 Rxf4+ 39. Kg1 Re1+ 40.
Kh2 Rff1 41. Rf2 Rxf2+ 42. Nxf2 c5 43. Nd3 Re2+ 44. Kg1 Re3 45. Nxc5 Rg3+ 46.
Kf2 Rxh3 47. Ne6 Rh2+ 48. Kg1 Re2 49. Nf4 Rd2 50. Re7 Bc6 51. Re6 Bf3 52. Re3
Bc6 53. Rc3 Be4 54. Rc4 Bf5 55. Rc5 Be4 56. Re5 Bc6 57. Re2 Rd4 58. Rc2 Bd7 59.
Rf2 Bc6 60. Kh2 Rd1 61. Kh3 Rh1+ 62. Kg4 Bd7+ 63. Kg5 h3 64. Kh6 Kf7 65. Ng6+
Ke6 66. Nf8+ Ke7 67. Nxd7 Kxd7 68. Rc2 Rg1 69. Rh2 Rg2 70. Rxh3 Rxa2 71. Rc3
Rg2 72. Kh5 Kd6 73. Kh4 Kd5 74. Kh3 Rb2 75. Kg3 Kd4 76. Rc4+ Kd3 77. Rf4 Rxb3
78. Rf3+ Kc4 79. Rxb3 Kxb3 1/2-1/2

[Event "17. Šahovski festival "]
[Site "Senta"]
[Date "2013.07.20"]
[Round "9.7"]
[White "Farkas, Tibor"]
[Black "Tancik, Kristijan"]
[Result "1/2-1/2"]
[WhiteElo "2250"]
[BlackElo "2272"]
[PlyCount "35"]
[EventDate "2013.07.13"]

1. e4 e5 2. Nf3 Nf6 3. Nxe5 d6 4. Nf3 Nxe4 5. Nc3 Nxc3 6. dxc3 Be7 7. Be3 Nc6
8. Qd2 Be6 9. Be2 Qd7 10. O-O O-O 11. Nd4 Nxd4 12. cxd4 d5 13. c3 Bf5 14. Bf4
Bd6 15. Bxd6 Qxd6 16. Bd3 Bxd3 17. Qxd3 Rfe8 18. Rfe1 1/2-1/2

[Event "17. Šahovski festival "]
[Site "Senta"]
[Date "2013.07.20"]
[Round "9.8"]
[White "Leskur, Dejan"]
[Black "Simonyi, Zoltan"]
[Result "1/2-1/2"]
[WhiteElo "2391"]
[BlackElo "2220"]
[PlyCount "97"]
[EventDate "2013.07.13"]

1. e4 e5 2. Nf3 Nc6 3. Bb5 a6 4. Ba4 Nf6 5. O-O Be7 6. Re1 b5 7. Bb3 d6 8. c3
O-O 9. d3 Na5 10. Bc2 c5 11. Nbd2 Re8 12. Nf1 Be6 13. h3 Qc7 14. d4 cxd4 15.
cxd4 Rac8 16. Bd3 Bc4 17. Ne3 Bxd3 18. Qxd3 g6 19. a4 b4 20. Bd2 Qb7 21. Ng4
Nxg4 22. hxg4 exd4 23. Rad1 Bf6 24. Nxd4 Nc4 25. Bc1 d5 26. e5 Nxe5 27. Qg3 Qd7
28. g5 Bg7 29. Bf4 Nc6 30. Nxc6 Qxc6 31. Be5 Qxa4 32. Bxg7 Kxg7 33. Qd6 Qa5 34.
Re5 Rxe5 35. Qxe5+ Kg8 36. Rxd5 Qc7 37. Qd4 a5 38. f4 Re8 39. Kh2 b3 40. Rd7
Qc6 41. Ra7 Ra8 42. Rxa5 Rxa5 43. Qd8+ Kg7 44. Qxa5 Qc2 45. Qe5+ Kg8 46. Qe8+
Kg7 47. Qe5+ Kg8 48. Qe8+ Kg7 49. Qe5+ 1/2-1/2

[Event "17. Šahovski festival "]
[Site "Senta"]
[Date "2013.07.20"]
[Round "9.10"]
[White "Stanojevic, Branko"]
[Black "Suc, Timothy"]
[Result "1-0"]
[WhiteElo "2302"]
[BlackElo "2137"]
[PlyCount "47"]
[EventDate "2013.07.13"]

1. Nf3 c5 2. g3 d5 3. c4 e6 4. Bg2 Nc6 5. O-O Nf6 6. cxd5 exd5 7. d4 Be7 8. Nc3
O-O 9. dxc5 Bxc5 10. Bg5 d4 11. Bxf6 Qxf6 12. Nd5 Qf5 13. Ne1 Rd8 14. Nf4 Bb6
15. Rc1 Qb5 16. Ned3 Bf5 17. b4 Bxd3 18. Nxd3 Rd6 19. a4 Qh5 20. a5 Bd8 21. a6
Qb5 22. axb7 Rb8 23. Rc5 Qb6 24. Qa4 1-0

[Event "17. Šahovski festival "]
[Site "Senta"]
[Date "2013.07.20"]
[Round "9.11"]
[White "Vucinic, Gojko"]
[Black "Sente, Damir"]
[Result "1-0"]
[WhiteElo "2252"]
[BlackElo "2082"]
[PlyCount "103"]
[EventDate "2013.07.13"]

1. e4 e5 2. Nf3 Nc6 3. Bc4 Be7 4. O-O Nf6 5. d3 h6 6. c3 O-O 7. Re1 d6 8. Bb3
Be6 9. Bc2 Nd7 10. d4 exd4 11. Nxd4 Nxd4 12. cxd4 d5 13. Nc3 c6 14. e5 f5 15.
Qd3 c5 16. Ne2 c4 17. Qf3 Bb4 18. Rd1 Nb6 19. Qg3 Kh7 20. a3 Ba5 21. Nf4 Qe8
22. h4 Qf7 23. h5 Rae8 24. Qh3 Nc8 25. b3 cxb3 26. Qxb3 Bd8 27. Nxe6 Qxe6 28.
Qxb7 Bg5 29. Bb3 Rd8 30. Bxg5 hxg5 31. Rac1 Rd7 32. Qc6 Qxc6 33. Rxc6 Ne7 34.
Rc5 Kh6 35. Ba4 Rb7 36. Bc6 Nxc6 37. Rxc6+ Kxh5 38. Rd6 Rb5 39. Rc1 Rf7 40.
Rcc6 Re7 41. Rc8 g4 42. Rcd8 Ra5 43. Rxd5 Rxa3 44. R5d7 Rxd7 45. Rxd7 Ra1+ 46.
Kh2 Kg6 47. e6 Kf6 48. d5 Rd1 49. e7 Kf7 50. d6 a5 51. Rd8 Re1 52. Rf8+ 1-0

[Event "17. Šahovski festival "]
[Site "Senta"]
[Date "2013.07.20"]
[Round "9.12"]
[White "Miladinovic, Lena"]
[Black "Nagy, Attila N"]
[Result "0-1"]
[WhiteElo "2083"]
[BlackElo "2206"]
[PlyCount "76"]
[EventDate "2013.07.13"]

1. d4 Nf6 2. Nf3 g6 3. c4 Bg7 4. Nc3 d5 5. e3 O-O 6. Be2 c5 7. dxc5 dxc4 8. O-O
Qa5 9. Qd4 Nbd7 10. Qxc4 Qxc5 11. e4 b5 12. Qxb5 Rb8 13. Qxc5 Nxc5 14. e5 Ng4
15. Bg5 Re8 16. Rad1 h6 17. Bf4 Rb4 18. Bg3 h5 19. h3 Nh6 20. Rd5 Ne6 21. b3
Nf5 22. Bh2 Bb7 23. Rd7 Nc5 24. Rdd1 Rc8 25. Nd5 Re4 26. Bc4 Ne6 27. Nc3 Rexc4
28. bxc4 Rxc4 29. Nd5 Ra4 30. Rd2 Bh6 31. Rdd1 h4 32. Rfe1 Rxa2 33. Ne3 Bxe3
34. fxe3 Bxf3 35. gxf3 Ng5 36. Rf1 Nxh3+ 37. Kh1 Ng3+ 38. Bxg3 hxg3 0-1

[Event "17. Šahovski festival "]
[Site "Senta"]
[Date "2013.07.20"]
[Round "9.16"]
[White "Kokeza, Mirko"]
[Black "Djuza, Zivko"]
[Result "1/2-1/2"]
[WhiteElo "2315"]
[BlackElo "2063"]
[PlyCount "37"]
[EventDate "2013.07.13"]

1. d4 Nf6 2. c4 e6 3. g3 d5 4. Bg2 c5 5. cxd5 exd5 6. Nc3 Nc6 7. Nf3 Be7 8. O-O
O-O 9. dxc5 Bxc5 10. Na4 Be7 11. Be3 Re8 12. Bd4 Bg4 13. e3 Rc8 14. a3 h6 15.
Rc1 b6 16. h3 Be6 17. Nc3 Na5 18. Nd2 Qd7 19. Kh2 1/2-1/2

[Event "17. Šahovski festival "]
[Site "Senta"]
[Date "2013.07.20"]
[Round "9.18"]
[White "Markovic, Aleksandar"]
[Black "Savic, Dragan"]
[Result "1-0"]
[WhiteElo "2111"]
[BlackElo "2106"]
[PlyCount "37"]
[EventDate "2013.07.13"]

1. e4 e6 2. d4 d5 3. Nc3 Bb4 4. e5 c5 5. Qg4 Ne7 6. dxc5 Bxc3+ 7. bxc3 Qc7 8.
Nf3 Qxc5 9. Bd2 Nf5 10. Bd3 O-O 11. Qh3 f6 12. g4 fxe5 13. Nxe5 Nh6 14. O-O d4
15. Bxh6 Qxe5 16. cxd4 Qf6 17. Bxh7+ Kh8 18. Be3 Rd8 19. g5 1-0

[Event "17th "]
[Site "Senta"]
[Date "2013.07.13"]
[Round "1.1"]
[White "Petrovic, Tijana"]
[Black "Popov, Stevan"]
[Result "0-1"]
[WhiteElo "1676"]
[BlackElo "2195"]
[PlyCount "74"]
[EventDate "2013.07.13"]

1. Nf3 Nf6 2. d4 g6 3. c4 Bg7 4. Nc3 O-O 5. e4 d6 6. Be2 Bg4 7. Be3 c6 8. O-O
Bxf3 9. Bxf3 Qc7 10. Rc1 Nbd7 11. Qd2 Rfd8 12. h3 a6 13. b4 c5 14. Nd5 Nxd5 15.
cxd5 c4 16. a4 b5 17. Qc2 Nb6 18. axb5 axb5 19. Ra1 Ra4 20. Qc3 Rda8 21. Rxa4
Rxa4 22. Ra1 Qa7 23. Rb1 Ra3 24. Qc1 Ra2 25. Bd1 Qa3 26. Qxa3 Rxa3 27. Kf1 Na4
28. Bc2 Kf8 29. Ke1 Ke8 30. Kd2 Ra2 31. f4 Kd7 32. e5 e6 33. dxe6+ fxe6 34. Kc1
Ra3 35. Bf2 Nc3 36. Rb2 Ne2+ 37. Kd2 c3+ 0-1

[Event "17th "]
[Site "Senta"]
[Date "2013.07.13"]
[Round "1.3"]
[White "Bacsa, Zoltan"]
[Black "Stosic, Slobodan"]
[Result "0-1"]
[WhiteElo "1654"]
[BlackElo "2155"]
[PlyCount "62"]
[EventDate "2013.07.13"]

1. d4 Nf6 2. c4 g6 3. Nf3 Bg7 4. Nc3 O-O 5. h3 d6 6. Bf4 Nc6 7. e3 Nd7 8. Be2
e5 9. Bh2 f5 10. dxe5 dxe5 11. Nd5 a5 12. a3 a4 13. Qc2 f4 14. exf4 e4 15. Ng5
Nd4 16. Qd1 Nc5 17. O-O h6 18. h4 c6 19. Nc3 hxg5 20. fxg5 Be6 21. Rc1 Qd7 22.
Re1 Rad8 23. Bf1 Qf7 24. Nxe4 Nxe4 25. Rxe4 Qxf2+ 26. Kh1 Nb3 27. Rxe6 Nxc1 28.
Qxc1 Qxf1+ 29. Qxf1 Rxf1+ 30. Bg1 Rdd1 31. Re8+ Kf7 0-1

[Event "17th "]
[Site "Senta"]
[Date "2013.07.13"]
[Round "1.6"]
[White "Pajzer, Istvan"]
[Black "Horvat, Nevena"]
[Result "1-0"]
[WhiteElo "2132"]
[BlackElo "1636"]
[PlyCount "49"]
[EventDate "2013.07.13"]

1. e4 c5 2. Nf3 d6 3. d4 cxd4 4. Nxd4 Nf6 5. Nc3 a6 6. Bg5 e6 7. f4 Be7 8. Qf3
O-O 9. O-O-O Nbd7 10. g4 h6 11. Bxf6 Bxf6 12. h4 Qb6 13. Nde2 g6 14. g5 Bxc3
15. Qxc3 h5 16. Qd4 Qxd4 17. Rxd4 Nc5 18. Bg2 e5 19. Rxd6 exf4 20. Nxf4 Re8 21.
Nd5 Re6 22. Rd8+ Kg7 23. Rf1 Rc6 24. Ne7 Re6 25. Rg8+ 1-0

[Event "17th "]
[Site "Senta"]
[Date "2013.07.13"]
[Round "1.7"]
[White "Rajsli, Andor"]
[Black "Sedlak, Ivan"]
[Result "0-1"]
[WhiteElo "1635"]
[BlackElo "2128"]
[PlyCount "102"]
[EventDate "2013.07.13"]

1. e4 e6 2. d4 d5 3. Nc3 Nf6 4. Bg5 Be7 5. e5 Nfd7 6. Bxe7 Qxe7 7. f4 a6 8. Nf3
c5 9. Bd3 Nc6 10. dxc5 Qxc5 11. Qe2 b5 12. a3 Nb6 13. Qf2 Qxf2+ 14. Kxf2 Bd7
15. Ne2 O-O 16. b3 f6 17. Ke3 g5 18. g3 g4 19. Nfd4 fxe5 20. Nxc6 Bxc6 21. fxe5
d4+ 22. Nxd4 Bxh1 23. Rxh1 Nd5+ 24. Ke2 Rfe8 25. c4 bxc4 26. Bxc4 Nc7 27. Rf1
Rad8 28. Ke3 Kg7 29. Rf6 h5 30. Nxe6+ Nxe6 31. Rxe6 Rxe6 32. Bxe6 Re8 33. Bc4
Rxe5+ 34. Kf4 Kf6 35. a4 Rf5+ 36. Ke3 a5 37. Bb5 Rf3+ 38. Ke2 Rxb3 39. Kf2 Rb2+
40. Kg1 Rxb5 41. axb5 Ke5 42. Kf2 Kd5 43. Ke3 Kc5 44. Kf4 a4 45. Kg5 a3 46. b6
Kxb6 47. Kxh5 a2 48. Kxg4 a1=Q 49. h4 Qg7+ 50. Kh3 Kc5 51. h5 Qg5 0-1

[Event "17th "]
[Site "Senta"]
[Date "2013.07.13"]
[Round "1.8"]
[White "Puhalo, Zdravko"]
[Black "Barta, Aron"]
[Result "1-0"]
[WhiteElo "2064"]
[BlackElo "1610"]
[PlyCount "97"]
[EventDate "2013.07.13"]

1. d4 d5 2. Nc3 Nf6 3. Bg5 e6 4. a3 Be7 5. Nf3 Nc6 6. e3 O-O 7. Bd3 h6 8. Bf4
Bd6 9. g3 Re8 10. Bb5 Bxf4 11. gxf4 Bd7 12. Rg1 Kh8 13. Qe2 a6 14. Bd3 Qe7 15.
Ne5 Rf8 16. Qf3 Rad8 17. Qg3 Rg8 18. h4 Be8 19. Rg2 Qf8 20. b4 Ne7 21. Ke2 c6
22. Na4 Nd7 23. Nc5 Nxc5 24. bxc5 Bd7 25. Rb1 Bc8 26. a4 Qe8 27. Qf3 Qf8 28.
Rbg1 Nf5 29. Qh5 g6 30. Qg4 h5 31. Qg5 Rg7 32. Bxf5 exf5 33. Qf6 Kh7 34. Nf3
Re8 35. Rb1 Qe7 36. Qg5 Qxg5 37. Rxg5 Re7 38. Rb6 Re6 39. Nd2 Rg8 40. c4 Rd8
41. Rg1 dxc4 42. Nxc4 Rxd4 43. Nd6 Bd7 44. Nxf7 Kg7 45. Ne5 Rd5 46. Rxb7 Re7
47. Nxc6 Rf7 48. Ne5 Re7 49. c6 1-0

[Event "17th "]
[Site "Senta"]
[Date "2013.07.13"]
[Round "1.10"]
[White "Ilicic, Mirko"]
[Black "Vilagos, Emil"]
[Result "1-0"]
[WhiteElo "2029"]
[BlackElo "1603"]
[PlyCount "57"]
[EventDate "2013.07.13"]

1. d4 Nf6 2. Nf3 d5 3. c4 e6 4. Nc3 c5 5. e3 Nc6 6. Be2 Be7 7. O-O O-O 8. a3
cxd4 9. exd4 a6 10. c5 b5 11. b4 Qc7 12. Re1 Bb7 13. Bd3 Rfe8 14. Bc2 Rad8 15.
Qd3 g6 16. g3 Bf8 17. Bf4 Qd7 18. Bg5 Be7 19. Rad1 Kg7 20. h4 h5 21. Ne2 Ne4
22. Qe3 Bxg5 23. hxg5 Qe7 24. Nf4 f6 25. Bxe4 dxe4 26. Qxe4 Ne5 27. gxf6+ Kxf6
28. dxe5+ Kg7 29. Qxg6+ 1-0

[Event "17th "]
[Site "Senta"]
[Date "2013.07.13"]
[Round "1.13"]
[White "Farkas, Istvan"]
[Black "Toth, Kazmer"]
[Result "0-1"]
[WhiteElo "1585"]
[BlackElo "1995"]
[PlyCount "56"]
[EventDate "2013.07.13"]

1. e4 d6 2. d4 c6 3. Nf3 g6 4. Be3 Bg7 5. c3 Nf6 6. Nbd2 Qc7 7. Be2 Ng4 8. O-O
O-O 9. h3 Nxe3 10. fxe3 e5 11. d5 cxd5 12. exd5 Qc5 13. Nc4 b5 14. b4 Qc7 15.
Nxd6 Qxd6 16. Bxb5 Qb6 17. Qe2 Bd7 18. Bxd7 Nxd7 19. Rad1 Rac8 20. Qd2 Bh6 21.
Rfe1 Rc4 22. g4 e4 23. g5 Bg7 24. Nd4 Ne5 25. Kg2 Nd3 26. Rf1 Qd8 27. h4 Qxd5
28. Qe2 Rxc3 0-1

[Event "17th "]
[Site "Senta"]
[Date "2013.07.13"]
[Round "1.16"]
[White "Milanovic, Maja"]
[Black "Ruvidic, Petar"]
[Result "1-0"]
[WhiteElo "1969"]
[BlackElo "1559"]
[PlyCount "33"]
[EventDate "2013.07.13"]

1. e4 e5 2. Nf3 Nc6 3. d4 exd4 4. Nxd4 Bc5 5. Be3 Qf6 6. c3 a6 7. Bc4 Nge7 8.
O-O O-O 9. f4 Bxd4 10. cxd4 d6 11. Nc3 Ng6 12. f5 Nge7 13. g3 b5 14. e5 dxe5
15. Ne4 bxc4 16. Nxf6+ gxf6 17. Bh6 1-0

[Event "17th "]
[Site "Senta"]
[Date "2013.07.13"]
[Round "1.27"]
[White "Radisic, Dragoljub"]
[Black "Bicskei, Mihaly"]
[Result "0-1"]
[WhiteElo "1409"]
[BlackElo "1894"]
[PlyCount "60"]
[EventDate "2013.07.13"]

1. e4 c5 2. Nf3 e6 3. d4 cxd4 4. Nxd4 Nf6 5. Nc3 Nc6 6. Bg5 Be7 7. Nf3 d6 8.
Bb5 O-O 9. O-O a6 10. Ba4 b5 11. Bb3 Bb7 12. Re1 b4 13. Nb1 Na5 14. c3 Nxe4 15.
Bxe7 Qxe7 16. Bc2 d5 17. Qd4 Nc6 18. Qe3 f5 19. Bxe4 fxe4 20. Nd4 Ne5 21. Nd2
Ng4 22. Qg3 Nxf2 23. Rf1 Nd3 24. Rab1 Rxf1+ 25. Nxf1 Rf8 26. Ne3 a5 27. Ng4 Kh8
28. Ne5 Nxe5 29. Qxe5 Qf6 30. Qxe6 Qf2+ 0-1

[Event "17th "]
[Site "Senta"]
[Date "2013.07.14"]
[Round "2.1"]
[White "Popov, Stevan"]
[Black "Csomos, Janos"]
[Result "1-0"]
[WhiteElo "2195"]
[BlackElo "1896"]
[PlyCount "45"]
[EventDate "2013.07.13"]

1. e4 d5 2. exd5 Qxd5 3. d4 Bf5 4. Nc3 Qa5 5. Nf3 e6 6. Bd3 Bxd3 7. Qxd3 Nf6 8.
O-O Be7 9. Ne5 O-O 10. Bg5 c6 11. Ne4 Qd8 12. Nxf6+ Bxf6 13. Bxf6 Qxf6 14. f4
Qe7 15. Qb3 Na6 16. f5 exf5 17. Rxf5 Qe6 18. Rxf7 Qxb3 19. Rxf8+ Rxf8 20. axb3
Nb4 21. c3 Na6 22. b4 Ra8 23. Nxc6 1-0

[Event "17th "]
[Site "Senta"]
[Date "2013.07.14"]
[Round "2.2"]
[White "Stosic, Slobodan"]
[Black "Milivojevic, Jasmina"]
[Result "1-0"]
[WhiteElo "2155"]
[BlackElo "1894"]
[PlyCount "99"]
[EventDate "2013.07.13"]

1. d4 d5 2. Nf3 Nf6 3. c4 e6 4. Nc3 Be7 5. e3 O-O 6. Bd3 b6 7. cxd5 exd5 8. Ne5
c5 9. O-O Be6 10. f4 g6 11. g4 cxd4 12. exd4 Nfd7 13. f5 Nxe5 14. dxe5 Bc5+ 15.
Kg2 Bc8 16. Bh6 Re8 17. e6 Rxe6 18. fxe6 Bxe6 19. Ne4 Qc8 20. Nf6+ Kh8 21. Qf3
Bd4 22. Qh3 Bxf6 23. Rxf6 Bxg4 24. Qh4 Nd7 25. Qxg4 Nxf6 26. Qxc8+ Rxc8 27. Rf1
Ng8 28. Be3 Kg7 29. Bd4+ f6 30. a4 Kf7 31. b4 f5 32. Ra1 Nf6 33. a5 Nd7 34. Bb5
Rc2+ 35. Kf3 Ke6 36. Bxd7+ Kxd7 37. axb6 axb6 38. Ra7+ Kc6 39. Ra6 Rxh2 40.
Rxb6+ Kc7 41. Rf6 Rh3+ 42. Kf4 Rb3 43. Bc5 Rb1 44. Ke5 Rd1 45. b5 d4 46. Rf7+
Kc8 47. Kd6 Re1 48. Kc6 Re6+ 49. Bd6 Re8 50. b6 1-0

[Event "17th "]
[Site "Senta"]
[Date "2013.07.14"]
[Round "2.3"]
[White "Bicskei, Mihaly"]
[Black "Zivkovic, Momcilo"]
[Result "0-1"]
[WhiteElo "1894"]
[BlackElo "2138"]
[PlyCount "60"]
[EventDate "2013.07.13"]

1. e4 e6 2. d4 d5 3. exd5 exd5 4. Bd3 Nf6 5. Bg5 Be7 6. Nf3 Bg4 7. c3 O-O 8.
O-O Nbd7 9. Nbd2 c5 10. Qc2 Bh5 11. Rfe1 Bg6 12. Bxg6 hxg6 13. Re2 Bd6 14. dxc5
Nxc5 15. b4 Ne6 16. Bh4 Rc8 17. Qb3 Qc7 18. Rc1 Nf4 19. Ree1 Nd3 20. Bxf6 gxf6
21. Qxd5 Nxc1 22. Rxc1 Bf4 23. a3 Rcd8 24. Qa2 Rd3 25. g3 Bxd2 26. Nxd2 Rxc3
27. Rxc3 Qxc3 28. Kg2 Re8 29. Nc4 Rd8 30. Ne3 Rd2 0-1

[Event "17th "]
[Site "Senta"]
[Date "2013.07.14"]
[Round "2.4"]
[White "Janjic, Stefan"]
[Black "Pajzer, Istvan"]
[Result "0-1"]
[WhiteElo "1892"]
[BlackElo "2132"]
[PlyCount "108"]
[EventDate "2013.07.13"]

1. d4 Nf6 2. Nf3 g6 3. Bg5 Bg7 4. Nbd2 O-O 5. e4 d6 6. c3 c5 7. d5 e6 8. dxe6
Bxe6 9. Bc4 Re8 10. O-O Nc6 11. Re1 a6 12. e5 dxe5 13. Nxe5 Nxe5 14. Rxe5 Bxc4
15. Nxc4 b5 16. Rxe8+ Qxe8 17. Ne3 Ne4 18. Bh4 Ra7 19. Qe2 Rd7 20. Rd1 f5 21.
Rxd7 Qxd7 22. f3 Nf6 23. Qd1 Qxd1+ 24. Nxd1 Nd5 25. Bf2 c4 26. g3 Kf7 27. Ne3
Ke6 28. Nxd5 Kxd5 29. Be3 b4 30. Bd2 a5 31. Kf2 a4 32. Ke2 Be5 33. Kd1 a3 34.
bxa3 bxc3 35. Be1 Kd4 36. Kc2 Ke3 37. Bxc3 Bb8 38. f4 Kf3 39. Be1 Ke2 40. Bb4
Kf2 41. a4 Kg2 42. a5 Kxh2 43. Be1 Kg2 44. Kc3 Kf1 45. Bd2 Kf2 46. a6 h5 47. a4
Kxg3 48. Be3 h4 49. a7 Bxa7 50. Bxa7 Kg2 51. Bd4 h3 52. a5 h2 53. a6 h1=Q 54.
a7 Kg3 0-1

[Event "17th "]
[Site "Senta"]
[Date "2013.07.14"]
[Round "2.5"]
[White "Sedlak, Ivan"]
[Black "Soklovacki, Marija"]
[Result "1-0"]
[WhiteElo "2128"]
[BlackElo "1886"]
[PlyCount "37"]
[EventDate "2013.07.13"]

1. e4 d6 2. d4 Nf6 3. Nc3 g6 4. Be3 Bg7 5. Qd2 Nbd7 6. Be2 c6 7. g4 h5 8. g5
Nh7 9. f4 Qa5 10. Nf3 Ndf8 11. O-O Bh3 12. Rfd1 O-O-O 13. a3 f6 14. b4 Qc7 15.
b5 fxg5 16. bxc6 Qxc6 17. Bb5 Qb6 18. Nd5 Qxb5 19. Qc3+ 1-0

[Event "17th "]
[Site "Senta"]
[Date "2013.07.14"]
[Round "2.6"]
[White "Posa, Janos"]
[Black "Puhalo, Zdravko"]
[Result "0-1"]
[WhiteElo "1885"]
[BlackElo "2064"]
[PlyCount "118"]
[EventDate "2013.07.13"]

1. d4 Nf6 2. c4 d6 3. Nc3 Nc6 4. e4 e5 5. d5 Ne7 6. Bd3 Ng6 7. Nge2 Be7 8. O-O
O-O 9. f3 Nh5 10. g4 Nhf4 11. Nxf4 exf4 12. Ne2 Bg5 13. b4 a5 14. b5 b6 15. a4
Bf6 16. Rb1 Be5 17. Bb2 Qg5 18. Bxe5 Nxe5 19. Nd4 h5 20. h3 Qh4 21. Ne2 g5 22.
Kg2 hxg4 23. hxg4 Bxg4 24. fxg4 Nxg4 25. Rf3 Qh2+ 26. Kf1 Ne5 27. Ng1 g4 28.
Rf2 Qg3 29. Rg2 Qh4 30. Be2 g3 31. Nf3 Qh1+ 32. Rg1 Qh3+ 33. Ke1 Ng6 34. Kd2
Rae8 35. Rh1 Qg2 36. Qf1 Qxf1 37. Rhxf1 Rxe4 38. Ng5 Re3 39. Rf3 Rfe8 40. Rxe3
Rxe3 41. Rf1 Ra3 42. Bd1 Ne5 43. Be2 g2 44. Rg1 f6 45. Rxg2 fxg5 46. Rxg5+ Kh7
47. Rh5+ Kg7 48. Rg5+ Kf6 49. Rg8 f3 50. Bf1 Ra1 51. Bh3 Rxa4 52. Bf1 Ra1 53.
Bd3 Nxd3 54. Kxd3 f2 55. Rf8+ Ke5 56. Re8+ Kf4 57. Rf8+ Kg3 58. Rg8+ Kh2 59.
Rh8+ Kg1 0-1